IFM Opac

Faculty of Commerce and Management Graduates and Their Employers (Record no. 13069)

MARC details
000 -LEADER
fixed length control field 00551nam a22001817a 4500
003 - CONTROL NUMBER IDENTIFIER
control field OSt
005 - DATE AND TIME OF LATEST TRANSACTION
control field 20220815092806.0
008 - FIXED-LENGTH DATA ELEMENTS--GENERAL INFORMATION
fixed length control field 220815b |||||||| |||| 00| 0 eng d
020 ## - INTERNATIONAL STANDARD BOOK NUMBER
International Standard Book Number 9987659020
040 ## - CATALOGING SOURCE
Transcribing agency IFM Library
082 ## - DEWEY DECIMAL CLASSIFICATION NUMBER
Classification number 658.072
100 ## - MAIN ENTRY--PERSONAL NAME
Personal name Kaijage, Erasmus S
9 (RLIN) 480
245 ## - TITLE STATEMENT
Title Faculty of Commerce and Management Graduates and Their Employers
260 ## - PUBLICATION, DISTRIBUTION, ETC.
Place of publication, distribution, etc. Dar es Salaam:
Name of publisher, distributor, etc. DUP,
Date of publication, distribution, etc. 2000
300 ## - PHYSICAL DESCRIPTION
Extent ix, 191p.: ill.; 25cm.
650 ## - SUBJECT ADDED ENTRY--TOPICAL TERM
Topical term or geographic name entry element Faculty of Commerce and Management Graduates and Their Employers
9 (RLIN) 481
942 ## - ADDED ENTRY ELEMENTS (KOHA)
Koha item type Books
Source of classification or shelving scheme Dewey Decimal Classification
Suppress in OPAC No
Holdings
Withdrawn status Lost status Source of classification or shelving scheme Damaged status Not for loan Collection code Home library Current library Shelving location Date acquired Source of acquisition Full call number Barcode Date last seen Price effective from Koha item type
    Dewey Decimal Classification     Non-fiction IFM Main Campus Library IFM Main Campus Library General Collection 09/07/2021 Purchase 658.072 KAI 0000003525 10/27/2015 02/19/2022 Books